000 00517nam a2200181Ia 4500
003 GCL
008 140319s9999 xx 000 0 ara d
040 _aGCL /
_cGCL
082 0 4 _a813.02
_bف ح
100 1 _aفكرى اباظة
245 1 0 _aحواديت /
_cفكرى اباظة
260 _a[S.N] :
_bدار الشعب للطباعة والنشر
300 _a176 ص
490 _aمطبوعات الشعب
_v0
650 0 4 _aالادب العربى
650 0 4 _aالقصص العربية
942 _2ddc
_cBK
999 _c53973
_d53973